Úlohy a ciele socialistickej obchodnej politiky v podmienkach vedecko-technického rozvoja v Jednote spotrebné družstvo Vranov nad Topľou záverečná práca postgraduálneho štúdia
Enregistré dans:
| Auteur principal: | |
|---|---|
| Collectivité auteur: | |
| Autres auteurs: | |
| Format: | Livre |
| Langue: | slovaque |
| Publié: |
Bratislava
1988
|
| Tags: |
Pas de tags, Soyez le premier à ajouter un tag!
|
MARC
| LEADER | 00000nam a2200000 4500 | ||
|---|---|---|---|
| 001 | c036290 | ||
| 005 | 20260108081330.1 | ||
| 041 | 0 | |a slo | |
| 044 | |a SK | ||
| 245 | 1 | 0 | |a Úlohy a ciele socialistickej obchodnej politiky v podmienkach vedecko-technického rozvoja v Jednote spotrebné družstvo Vranov nad Topľou |b záverečná práca postgraduálneho štúdia |c Drahomíra Maskaľová ; Ved. práce Kristína Viestová |
| 264 | 1 | |a Bratislava |c 1988 | |
| 300 | |a 52 s. | ||
| 100 | 1 | |a Maskaľová, Drahomíra | |
| 700 | 1 | |a Viestová, Kristína | |
| 710 | 2 | |a Vysoká škola ekonomická v Bratislave | |